000
00295nam a22001337a 4500
003
NALT
005
20230813123324.0
008
230813b th ||||| |||| 00| 0 tha d
040
_a
NALT
245
_a
ทดสอบ
850
_a
NALT
856
_u
https://www.google.com/
942
_2
lcc
_c
EJN
999
_c
102489
_d
102489
998
_j
36
_k
อภิรักษ์ โชคดีวนิชวัฒนา